|
|
|
|
| LEADER |
01095nam a22002777a 4500 |
| 001 |
33283 |
| 003 |
BD-DhAAL |
| 005 |
20180708154030.0 |
| 008 |
180707t2007 bg a 000 0 eng d |
| 999 |
|
|
|c 39618
|d 39618
|
| 020 |
|
|
|a 9847765340
|
| 040 |
|
|
|a BD-DhAAL
|
| 082 |
0 |
0 |
|a 582.13095492
|2 22
|
| 100 |
|
|
|a Taher, M. A.
|9 26771
|
| 245 |
1 |
2 |
|a Flowers of Bangladesh /
|c M. A. Taher
|
| 246 |
|
|
|a বাংলাদেশের ফুল
|
| 260 |
|
|
|a Dhaka :
|b Singer Bangladesh Limited,
|c 2007
|
| 300 |
|
|
|a 207 pages :
|b color illustrations ;
|c 23 cm.
|
| 526 |
|
|
|a ARC
|
| 541 |
|
|
|e 33283
|
| 650 |
|
0 |
|a Flowers
|z Bangladesh
|v Identification
|9 1332
|
| 650 |
|
0 |
|a Flowers
|z Bangladesh
|v Pictorial works
|9 26772
|
| 650 |
|
0 |
|a Flowers.
|9 26773
|
| 852 |
|
|
|a Department of Architecture
|c General Stacks
|
| 942 |
|
|
|2 ddc
|c BK
|
| 952 |
|
|
|0 0
|1 1
|2 ddc
|4 0
|6 582_130954920000000_TAH
|7 0
|9 63636
|a ARC
|b ARC
|c GEN
|d 2018-07-08
|l 0
|o 582.13095492 TAH
|p 3010033283
|r 2018-07-08
|t 1
|w 2018-07-08
|y BK
|x lost from the ARC department library and approved by the Dean (reasons personal books withdrawn by Hasibul Kabir Sir and Building shifting)
|